Statistiques concernant Géographie par lettre sur une carte du monde - A

Cliquez ici pour prendre le quiz!

Statistiques générales

  • Ce quiz a été pris 1 358 fois
  • Le résultat moyen est 14 sur 20

Réponses sur la Carte

Les réponses sont colorées sur une échelle allant du rouge au vert en fonction du pourcentage des utilisateurs qui les ont devinées à leur premier essai. Vous pouvez retrouver ces pourcentages ci-dessous.
 

Statistiques - réponses

Réponse% Correct
Australie
99%
Alaska
98%
Argentine
96%
Angola
95%
Amsterdam
89%
Andes
88%
Alpes
87%
Athènes
86%
Afghanistan
84%
Amazone
77%
mer {Adriatique}
76%
Antananarivo
73%
mer d’{Arabie}
62%
Atlanta
59%
Atlas
56%
Alberta
48%
Abuja
41%
Amour
39%
Astana
35%
Anatolie
34%

Distribution des résultats

Percentile par nombre de réponses

% des personnes avec chaque résultat

Votre développement - résultats

Vous n’avez pas pris ce quiz